Guess the 1970s song lyrics #47 - Statistics

General Stats
  • This quiz has been taken 42 times
  • The average score is 98 of 177
Answer Stats
Answer % Correct
A
94%
a
94%
the
91%
I
89%
go
86%
and
83%
no
83%
They
77%
they
77%
to
77%
want
77%
you
74%
You
74%
don't
71%
Don't
71%
got
71%
that
69%
are
66%
live
66%
love
66%
people
66%
wear
63%
All
60%
men
60%
on
57%
so
57%
as
54%
get
54%
Short
54%
short
54%
their
54%
eyes
51%
here
51%
reason
51%
say
51%
them
51%
It's
49%
just
49%
little
49%
around
46%
up
46%
Well
46%
feet
43%
shoes
43%
They've
43%
time
43%
day
40%
every
40%
hands
40%
same
40%
baby
37%
gonna
37%
tiny
37%
walk
37%
cars
34%
short
34%
beep
31%
fingers
31%
going
31%
legs
31%
nobody
31%
pick
31%
They're
31%
die
29%
big
26%
dirty
26%
noses
26%
great
23%
lies
23%
minds
23%
nasty
23%
such
23%
teeth
23%
telling
23%
hello
20%
voices
20%
world
20%
peep
17%
until
17%
grubby
14%
platform
14%
brothers
11%
low
11%
wonderful
11%
fool
9%
stand
9%
No matching quizzes found
Score Distribution
Percent of People with Each Score
Percentile by Number Answered
Your Score History
You have not taken this quiz